Loading...

Praacheena keralathinte raashtreeya charithram

Bibliographic Details
Main Author: Sivasankaran Nair K
Published: Kottayam D C Books 1998
Subjects:
LEADER 00635nam a22001811a 4500
020 |a 9788171308040  |c 0.00 
040 |a SSUS - Library - Kalady 
082 |a M 954.83  |b N98 
100 |a Sivasankaran Nair K 
245 |a Praacheena keralathinte raashtreeya charithram  |h [Text] 
260 |a Kottayam  |b D C Books   |c 1998 
300 |a 254p. 
500 |a K Sivasankaran Nair 
600 |a History Kerala 
852 |k CD Library  |h M 954.83  |i N98  |p CD1232  |9 75.00  |t 0 
942 |c CDL 
999 |c 35309  |d 35309 
952 |0 0  |1 0  |4 0  |6 CD_M_954_830000000000000_N98  |7 0  |9 51073  |a SSUS  |b SSUS  |d 2015-01-08  |g 75.00  |o CD M 954.83 N98  |p CD1232  |r 2015-01-08  |v 0.00  |w 2015-01-08  |y CDL